000 00683cam a22002293a 4500
001 31246
003 PGUSA
005 20140828083657.0
008 100210s2010||||xxu|||||s|||||000 | eng d
040 _aPGUSA
_beng
042 _adc
050 4 _aQA
100 1 _aBall, W. W. Rouse
_q(Walter William Rouse),
_d1850-1925
245 1 2 _aA Short Account of the History of Mathematics
_h[electronic resource] /
_cW. W. Rouse Ball
260 _bProject Gutenberg,
_c2010
506 _aPublic domain in the USA.
516 _aElectronic text
653 _aMathematics -- History
830 0 _aProject Gutenberg
_v31246
856 4 0 _uhttp://www.gutenberg.org/ebooks/31246
942 _cEB
999 _c260501
_d260501